| 000 | 00821cam a22002777a 4500 | ||
|---|---|---|---|
| 003 | CHAP | ||
| 005 | 20220329134705.0 | ||
| 008 | 971013s r 00010 d | ||
| 010 | _a24240 | ||
| 011 | _a25212 | ||
| 035 | _a29312 | ||
| 040 | _cCHAP | ||
| 090 | _aR-1867 | ||
| 100 | 0 | 0 |
_aHaldane, John Burdon Sanderson. _952273 |
| 245 | 1 | 3 | _aEl tiempo en la biología |
| 500 | _aSobretiro de : Science Progress No. 175, 1956 | ||
| 590 |
_aBATCH-UPD _b10 _c20130110 _lUCH01 _h1805 |
||
| 590 |
_aBATCH-UPD _b10 _c20130410 _lUCH01 _h1141 |
||
| 590 |
_aBATCH-UPD _b10 _c20130914 _lUCH01 _h0633 |
||
| 590 |
_aCONVERSION _b10 _c20130109 _lUCH01 _h1314 |
||
| 650 | 1 | 4 |
_aBiología. _912773 |
| 901 | _aBK | ||
| 942 | _cFOLL | ||
| 949 |
_aR-1867 _bBC _cR _d-67729 _eTS1 _i29312 _si |
||
| 949 |
_aR-1867 _bBC _cR _d-67732 _eTS2 _fc.2 _i29312 _si |
||
| 999 |
_c24240 _d24240 |
||